<?xml version="1.0" encoding="UTF-8"?>
<collection xmlns="http://www.loc.gov/MARC21/slim">
 <record>
  <leader>01695nam a2200217Ia 4500</leader>
  <controlfield tag="001">CTU_174606</controlfield>
  <controlfield tag="008">210402s9999    xx            000 0 und d</controlfield>
  <datafield tag="082" ind1=" " ind2=" ">
   <subfield code="a">515.2433</subfield>
  </datafield>
  <datafield tag="082" ind1=" " ind2=" ">
   <subfield code="b">H309</subfield>
  </datafield>
  <datafield tag="088" ind1=" " ind2=" ">
   <subfield code="a">60440103</subfield>
  </datafield>
  <datafield tag="100" ind1=" " ind2=" ">
   <subfield code="a">Nguyễn, Trung Hiếu</subfield>
  </datafield>
  <datafield tag="245" ind1=" " ind2="0">
   <subfield code="a">Mô hình hóa xác định dị thường địa từ bằng biến đổi wavelet 3D :</subfield>
  </datafield>
  <datafield tag="245" ind1=" " ind2="0">
   <subfield code="b">Luận văn Thạc sĩ. Chuyên ngành: Vật lí lí thuyết và vật lí toán</subfield>
  </datafield>
  <datafield tag="245" ind1=" " ind2="0">
   <subfield code="c">Nguyễn Trung Hiếu ; Dương Hiếu Đẩu (Người hướng dẫn)</subfield>
  </datafield>
  <datafield tag="260" ind1=" " ind2=" ">
   <subfield code="a">Cần Thơ</subfield>
  </datafield>
  <datafield tag="260" ind1=" " ind2=" ">
   <subfield code="b">Trường Đại học Cần Thơ</subfield>
  </datafield>
  <datafield tag="260" ind1=" " ind2=" ">
   <subfield code="c">2012</subfield>
  </datafield>
  <datafield tag="520" ind1=" " ind2=" ">
   <subfield code="a">Vận dụng các thuật toán tối ưu độ phân giải của phép biến đổi wavelet Poisson-Hardy kết hợp với các phép lọc dùng toán tử Gradien, hàm Gauss và hàm trọng lượng tuyến LWF (line-weight function) để phân tích định lượng tài liệu từ của hệ thống lưới vuông ở Đông Nam Bộ, sau đó đưa ra nhận xét về hình dạng nguồn dị thường từ ở những vị trí phân tích. Kết quả đạt được sẽ phục vụ cho nhu cầu khai thác tài nguyên và xác định cấu trúc địa chất cũng như hỗ trợ cho việc nghiên cứu môi trường ở vùng Đông Nam Bộ.</subfield>
  </datafield>
  <datafield tag="650" ind1=" " ind2=" ">
   <subfield code="a">Wavelets (Mathematics),Geophysics,Hàm Wavelet (toán học),Địa vật lý</subfield>
  </datafield>
  <datafield tag="904" ind1=" " ind2=" ">
   <subfield code="i">Hằng Ni, Năm</subfield>
  </datafield>
  <datafield tag="980" ind1=" " ind2=" ">
   <subfield code="a">Trung tâm Học liệu Trường Đại học Cần Thơ</subfield>
  </datafield>
 </record>
</collection>
